Statistiques concernant Les Films Pokémon

Cliquez ici pour prendre le quiz!

Statistiques générales

  • Ce quiz a été pris 14 fois
  • Le résultat moyen est 9 sur 23

Statistiques - réponses

Pokémon vedetteRéponse% Correct
LugiaLe Pouvoir est en toi
82%
MewtwoMewtwo contre-attaque
73%
Lucario / MewLucario et le Mystère de Mew
64%
DeoxysLa Destinée de Deoxys
55%
MarshadowJe te choisis !
45%
JirachiJirachi, le génie des vœux
45%
DarkraiL'Ascension de Darkrai
45%
EnteiLe Sort des Zarbi
45%
HoopaHoopa et le Choc des légendes
36%
ZeraoraLe pouvoir est en nous
36%
Latias / LatiosLes Héros Pokémon
36%
ManaphyPokémon Ranger et le Temple des mers
36%
Volcanion / MagearnaVolcanion et la Merveille mécanique
36%
ZoroarkZoroark, le maître des illusions
36%
Victini / ZekromBlanc — Victini et Zekrom
27%
CelebiCelebi, la voix de la forêt
27%
Kyurem / KeldeoKyurem vs la Lame de la justice
27%
ZarudeLes Secrets de la jungle
27%
Victini / ReshiramNoir — Victini et Reshiram
27%
DiancieDiancie et le Cocon de l'annihilation
18%
GenesectGenesect et l'Éveil de la légende
18%
Giratina / ShayminGiratina et le Gardien du ciel
18%
ArceusPokémon : Arceus et le Joyau de Vie
18%

Distribution des résultats

Percentile par nombre de réponses

% des personnes avec chaque résultat

Votre développement - résultats

Vous n’avez pas pris ce quiz